Satra sanskritir ruprekha (Record no. 4177)

MARC details
000 -LEADER
fixed length control field 00519cam a2200205ua 4500
001 - CONTROL NUMBER
control field 4366
005 - DATE AND TIME OF LATEST TRANSACTION
control field 20260515113824.0
008 - FIXED-LENGTH DATA ELEMENTS--GENERAL INFORMATION
fixed length control field 190810n ii |||gr||||Z||||||asm
040 ## - CATALOGING SOURCE
Transcribing agency MAIN
041 ## - LANGUAGE CODE
Language code of text/sound track or separate title asm
082 ## - DEWEY DECIMAL CLASSIFICATION NUMBER
Classification number 398.054162
100 ## - MAIN ENTRY--PERSONAL NAME
Personal name Goswami, Kesavananda Dev,
245 ## - TITLE STATEMENT
Title Satra sanskritir ruprekha
Statement of responsibility, etc. by Kesavananda Dev Goswami
250 ## - EDITION STATEMENT
Edition statement 2nd.
260 ## - PUBLICATION, DISTRIBUTION, ETC.
Place of publication, distribution, etc. Dibrugarh:
Name of publisher, distributor, etc. Dibrugarh,986.
300 ## - PHYSICAL DESCRIPTION
Extent 118p:
Dimensions 23cm.
653 ## - INDEX TERM--UNCONTROLLED
Uncontrolled term Assamese culture
653 ## - INDEX TERM--UNCONTROLLED
Uncontrolled term Satira samskritir rup-rekha
942 ## - ADDED ENTRY ELEMENTS (KOHA)
Koha item type Books
Holdings
Withdrawn status Lost status Damaged status Not for loan Home library Current library Shelving location Date acquired Total checkouts Full call number Barcode Date last seen Copy number Price effective from Koha item type
        Naharkatiya College Library Naharkatiya College Library General stacks 09/19/2020   398.054162 | GOS 8625 09/19/2020 1 09/19/2020 Books
        Naharkatiya College Library Naharkatiya College Library General stacks 09/19/2020   398.054162 | GOS 9671 09/19/2020 2 09/19/2020 Books
        Naharkatiya College Library Naharkatiya College Library General stacks 09/19/2020   398.054162 | GOS 9672 09/19/2020 3 09/19/2020 Books